000 00913nam a22002777a 4500
001 03839
003 HDC
007 cr bn ---aaaaa
008 210111t1998 nyu||||| |||| 00| 0 eng
020 _a0-203-22306-3
040 _aHDC
100 _aSimkiss, K.
_eauthor
_93673
245 0 _aAgricultural Biotechnology. Chapter 23 :
_bAvian Transgenics / by
_cK. Simkiss
260 _aNew York :
_bMARCEL DEKKER,
_c1998
300 _a12 pages
336 _atext
_2rdacontent
337 _acomputer
_2rdamedia
338 _aonline resource
_2rdacarrier
650 _aAgricultural Biotechnology
_91565
650 _aAvian production
_93675
650 _aAvian Transgenics
_93674
856 _zRequest full-text at [email protected]
942 _2lcc
942 _cCHAP
942 _kEBCH 001708
999 _c1164
_d1164